书目信息 |
| 题名: |
近世中西史日对照表
|
|
| 作者: | 郑鹤声 编 | |
| 分册: | ||
| 出版信息: | 北京 中华书局 1981 |
|
| 页数: | 880页 | |
| 开本: | 21cm | |
| 丛书名: | ||
| 单 册: | ||
| 中图分类: | P196 | |
| 科图分类: | ||
| 主题词: | 历书对照表--世界--近代 | |
| 电子资源: | ||
| ISBN: | ||
| 000 | 00611nam0 2200229 45 | |
| 001 | 0181005161 | |
| 005 | 20060629164249.28 | |
| 010 | @b精装@dCNY6.70 | |
| 091 | @a17018.106 | |
| 100 | @a19950515d1981 em y0chiy0121 ea | |
| 101 | 0 | @achi |
| 102 | @aCN@b110000 | |
| 105 | @ay o 000yy | |
| 200 | 10 | @a近世中西史日对照表@Ajin shi zhong xi shi ri dui zhao biao@f郑鹤声编 |
| 210 | @a北京@c中华书局@d1981 | |
| 215 | @a880页@d21cm | |
| 606 | @a历书对照表@y世界@z近代 | |
| 690 | @aP196@v3 | |
| 701 | 0 | @a郑鹤声@Azheng he sheng@4编 |
| 801 | 2 | @aCN@bNLC@c20060629 |
| 801 | 0 | @aCN@bTSSF |
| 905 | @a10447@dP196@e92 | |
| 近世中西史日对照表/郑鹤声编.-北京:中华书局,1981 |
| 880页;21cm |
| ISBN (精装):CNY6.70 |
| ● |
| 相关链接 |
|
|
|
|
正题名:近世中西史日对照表
索取号:P196/92
 
预约/预借
| 序号 | 登录号 | 条形码 | 馆藏地/架位号 | 状态 | 备注 |
| 1 | 0421237 | 204212379 | 密集书库/ [索取号:P196/92] | 在馆 | |
| 2 | 0421238 | 204212388 | 密集书库/ [索取号:P196/92] | 在馆 |